000 01225aam a2200289 i 4500
001 768714001
003 CO-MdFUSB
005 20211203090641.0
007 ta
008 211203t1971 sp |||| |||| 00| 0 spa d
020 _a[No incluye ISBN]
040 _bspa.
_aCO-MdFUSB
_cCO-MdFUSB
_dCO-MdFUSBC
_erda
041 _aspa
082 0 4 _a289.92
_223
_bD198p
100 1 _aDanyans, Eugenio
_eautor
245 1 0 _aProceso a la "biblia" de los testigos de Jehová
_c/ Eugenio Danyans
264 1 _aTerrassa, Barcelona, España :
_bClie,
_c[1971]
264 4 _c© 1971
300 _a237 páginas
_c; 20 cm
336 _atexto
_btxt
_2rdacontent
337 _2rdamedia
_asin mediación
_bn
338 _2rdacarrier
_avolumen
_bnc
505 _aLa traducción del "Nuevo Mundo", ¿traducción o falsificación? -- ¿Quién es el Verbo según Juan? -- Disminuyendo la persona de Jesucristo. -- Cristo, tabernáculo de la plenitud de Dios. -- Cristo, el Ser subsistente por sí mismo. -- Cristo, la forma de Jehová. -- Cristo, el preeminente. -- Cristo, la deidad suprema. -- Jehová y Cristo. -- La resurrección corporal de Jesucristo. -- La prohibición de sangre.
563 _aRústico
942 _cBK
945 _aJTF-925
999 _c39823
_d39823